Hunger Games Deaths - Statistics

General Stats
  • This quiz has been taken 88 times
  • The average score is 23 of 41
Answer Stats
Method of Death Answer % Correct
Mauled by wolf mutts and mercy-killed by Katniss Cato
96%
Died in burning house orchestrated by Snow to punish Haymitch Willamae Abernathy / Ma
96%
Pierced by a spear by Marvel Rue
94%
Stung by tracker jackers in the 74th Hunger Games Glimmer
91%
Shot by Katniss Everdeen in an act of defiance (supposed to kill Snow) Alma Coin
90%
Beaten by Peacekeepers for giving Katniss a mockingjay dress Cinna
88%
Ate nightlock berries and died Foxface / Fossa
88%
Throat cut by Gloss (tick tock) Wiress
87%
Skull smashed by Thresh Clove
85%
Walked into poison mist Mags Flanagan
85%
Head torn off by lizard mutts in the tunnels Finnick Odair
84%
Blown up by bombs sent by District 13 after being a first responder Primrose Everdeen
84%
Presumably trampled to death by a riotous crowd Coriolanus Snow
79%
Shot in the skull by Katniss with arrow Marvel
78%
Executed by Snow for handling the ending of the 74th Hunger Games Seneca Crane
73%
Speared to death by waterbird mutts Maysilee Donner
67%
Bled out after legs blown off by hidden explosive pod Boggs
61%
Presumed dead after running into the woods to flee Coriolanus Lucy Gray Baird
60%
Katniss' father, died in mining explosion Burdock Everdeen
54%
Thrown off chariot and had skull crushed Louella McCoy
51%
Was sold out by Coriolanus using jabber jays, then hanged Sejanus Plinth
51%
Stabbed in the head with rebounding axe thrown by Haymitch Silka Sharp
51%
Was poisoned by toxic pollen (bee balm plants) Lou Lou
49%
Ate poisoned red gumdrops Lenore Dove Baird
48%
Mauled to death by squirrel mutts Ampert Latier
45%
Died in burning house orchestrated by Snow to punish Haymitch Sid Abernathy
45%
Throat slit by imprisoned tribute with a cheese knife Arachne Crane
43%
Stabbed protecting Lou Lou from Panache Wyatt Callow
43%
Walked into force field in 75th Hunger Games; from District 7 Blight
40%
Shot with a toxic dart by Maysilee Donner after trying to kill Haymitch Panache Barker
34%
Drank morphing poisoned by Coriolanus Casca Highbottom
33%
Contracted rabies, then drank from a puddle poisoned by Lucy Gray Reaper Ash
31%
Shot in the stomach by Spruce with a shotgun; ex-Covey Billy Taupe Clade
30%
Brains blown out after running from the reaping Woodbine Chance
30%
Contracted rabies, then fell off a ledge after being bombarded with water Jessup Diggs
27%
Neck chopped by Lamina after being strung up for running away Marcus
27%
Decapitated by Silka Wellie
21%
Shot in the back by Coriolanus after he was afraid she'd snitch Mayfair Lipp
19%
Poisoned by Snow (ate a plate of poisoned oysters) Incitatus Loomy
12%
Shot by Peacekeepers after slicing mentor's neck Brandy
10%
Hanged by Peacekeepers, inspiration for the song 'The Hanging Tree' Arlo Chance
9%
No matching quizzes found
Score Distribution
Percent of People with Each Score
Percentile by Number Answered
Your Score History
You have not taken this quiz